The sporting sale : equestrian, wildlife and maritime art including property from the Genesee Country Village & Museum.
Saved in:
| Corporate Author: | |
|---|---|
| Format: | Book |
| Language: | English |
| Published: |
New York :
Sotheby's,
c2006.
|
| Subjects: | |
| Tags: |
Add Tag
No Tags, Be the first to tag this record!
|
| LEADER | 01243cam a2200361Ma 4500 | ||
|---|---|---|---|
| 001 | 014400548-4 | ||
| 005 | 20150602221829.0 | ||
| 008 | 061124s2006 nyua c 001 0 eng d | ||
| 024 | 8 | |a 8260 JACK | |
| 033 | 0 | |a 20061130 | |
| 035 | 0 | |a ocn271474199 | |
| 035 | 0 | |a ocn171407228 | |
| 040 | |a OClMA |e DNGA |b eng |c JPG |d OCLCQ |d OCLCO | ||
| 042 | |a scipio | ||
| 090 | |a S735 | ||
| 110 | 2 | |a Sotheby's (Firm) | |
| 245 | 1 | 4 | |a The sporting sale : |b equestrian, wildlife and maritime art including property from the Genesee Country Village & Museum. |
| 260 | |a New York : |b Sotheby's, |c c2006. | ||
| 300 | |a 224 p. : |b col. ill. ; |c 27 cm. | ||
| 500 | |a Includes index of artists. | ||
| 518 | |a Place of sale: New York. | ||
| 518 | |a Date of sale: Nov. 30, 2006. | ||
| 505 | 0 | |a Kuhn -- Racing & hunting -- Wootton -- Munnings -- Country life. | |
| 610 | 2 | 0 | |a Genesee Country Village & Museum |v Catalogs. |
| 653 | |a Collection of Josephine and Walter Buhl Ford II | ||
| 653 | |a Collection of Mr. Duncan B. Black III | ||
| 653 | |a Collection of Peter V. Guarisco | ||
| 653 | |a Estate of George G. Nash | ||
| 653 | |a Estate of Gloria Gurney | ||
| 653 | |a William M. Hackman Trust | ||
| 655 | 7 | |a Auction catalogs. |2 aat | |
| 988 | |a 20150604 | ||
| 906 | |0 OCLC | ||


